All you who sleep tonight (Record no. 365662)

MARC details
000 -LEADER
fixed length control field 00276nam a22001217a 4500
005 - DATE AND TIME OF LATEST TRANSACTION
control field 20250320143212.0
008 - FIXED-LENGTH DATA ELEMENTS--GENERAL INFORMATION
fixed length control field 250320b |||||||| |||| 00| 0 eng d
041 ## - LANGUAGE CODE
Language code of text/sound track or separate title Eng
100 ## - MAIN ENTRY--PERSONAL NAME
Author Seth, Vikram
245 ## - TITLE STATEMENT
Title All you who sleep tonight
300 ## - PHYSICAL DESCRIPTION
Extent 83
942 ## - ADDED ENTRY ELEMENTS (KOHA)
Koha item type Donated Book
Holdings
Withdrawn status Lost status Source of classification or shelving scheme Damaged status Not for loan Home library Current library Date acquired Vendor Cost, normal purchase price Barcode Date last seen Bill Date Koha item type Original Barcode
    Dewey Decimal Classification     Shri Siddhivinayak Mahila Mahavidyalaya Shri Siddhivinayak Mahila Mahavidyalaya 20/03/2025 Aurangabadkar Amrapali 250.00 SSMM-BK-29458 20/03/2025 20/03/2025 Donated Book 010029458